000 00774nam a2200193 i 4500
001 63808
003 ES-MaACL
005 20251017063051.0
007 t|
008 031217s1903 xxu ||||1| spa d
100 1 _aFigueroa, Francisco de,
_d1536-1617
_9151801
245 1 0 _aObras de Francisco de Figueroa, Laureado Pindaro Español /
_cPublicadas por el Licenciado Luis Tribaldos de Toledo.
250 _aEnmendadas, i mui añadidas en esta 2ª ed.
260 _a[Nueva York :
_bDe Vinne Press,
_c1903]
300 _a16 h., 64 p. ;
_c15 cm.
594 _aTraducción de: Lisboa: Pedro Craesbeeck-1626, hecha a expensas de Mr. Archer M. Huntington. Constó la tirada de 200 ejemplares.
852 _aES-MaACL
_jR-621
_x Olim: D-3978
999 _c63808
_d63808